01614nam a2200373 a 4500001001000000003000500010005001700015008004100032010001100073011001100084040000900095090001000104100003400114245015800148260004100306500006000347502011500407590004100522590004100563590004100604590003900645590003900684650002800723650003300751650002900784650004000813856007000853901000700923942001000930942000600940999001900946952013500965952014001100000108612CHAP20220329144018.0140227s2012 mx a |sm |||||||spa|d a105074 a106046 cCHAP aTesis00aUribe Gómez, Miguel911693213aLa agroforestería como factor de desarrollo rural para comunidades campesinas de la Sierra de Huautla, Morelosh[En línea]cpor Miguel Uribe Gómez. aChapingo, Méx. :bEl autor,c2012. aPara ver el contenido del material haga clic en la liga aTesis (Ph.D. en Ciencias en Economía Agrícola) -- UACH. División de Ciencias Económico Administrativas aBATCH-UPDb10c20140324lUCH01h1535 aBATCH-UPDb10c20141002lUCH01h0856 aE11695DGDb10c20140304lUCH01h0859 aE792CSJb05c20140227lUCH01h0950 aE792CSJb05c20140227lUCH01h095014aAgroforestería.9215614aCampesinadoxMorelos.91802714aDesarrollo rural.93206714aRecursos naturalesxMorelos.995300 aFinding aiduhttp://10.13.5.2/tesis/sist108612.pdfzTeclea aquí aBK cTESIS n0 c105074d105074 00102local4051708TESISaBCbBCcPA_TESISd2014-02-27fTESISl0oTesisp33724002359934r2019-12-31 00:00:00w2014-02-27yTESIS 00102local4053708TESISaBCbBCcPA_TESISd2014-02-27fTESISl0oTesisp33724002359975r2019-12-31 00:00:00tc.2w2019-12-31yTESIS